000 00532nam a2200181Ia 4500
003 GCL
008 140319s9999 xx 000 0 ara d
040 _aGCL /
_cGCL
082 0 4 _a813.01
_bا ض
100 1 _aابراهيم الدسوقى شتا
245 1 0 _aالضيف (الجزء الثانى) /
_cابراهيم الدسوقى شتا
300 _a347 ص
490 _a
650 0 4 _aالادب العربى
650 0 4 _aالقصص العربية
650 0 4 _aالقصص العربية القصيرة
942 _2ddc
_cBK
999 _c44361
_d44361